Представление документа в формате RUSMARC

ПолеНазваниеЗначение
  Тип записи a
  Библиографический уровень a
001 Контрольный номер 22fd636112bf49b3a7ae987bec7f6041
005 Дата корректировки 20251023110044.5
100 Данные общей обработки __
a Данные общей обработки 20251023 ||| 0rusy0189 ca
101 Язык документа 0_
a Язык текста rus
102 Страна публикации __
a Страна публикации RU
200 Заглавие и сведения об ответственности 1_
a Заглавие Рифмы-обманки
e Сведения, относящиеся к заглавию стихотворения
f Первые сведения об ответственности М. Дружинина
461 Уровень набора _0
1 2000
a Мурзилка
463 Уровень физической единицы _0
1 2000
a № 10
v С. 24 : ил.
1 2101
d 2025
1 0019330b1a5cca943cbbd102f938341d5e1
606 Тематические рубрики 0_
a Основная рубрика Русская поэзия - 21 в.
610 Ключевые слова 0_
a Ключевые слова русская поэзия, детская литература, стихи для детей, стихотворения, рифмы-обманки
686 Индексы других классификаций __
a Классификационный индекс Р2
700 Автор _1
a Фамилия Дружинина
b Имя (инициалы) М.
g Полное личное имя Марина
801 Источник записи _0
a Страна RU
b Организация УОБДЮ
c Дата составления 20251023
g Правила каталогизации RCR
801 Источник записи _1
a Страна RU
b Организация УОБДЮ
c Дата составления 20251023
g Правила каталогизации RCR
901 Тип документа __
t Тип документа b
w Контрольный № источника 9330b1a5cca943cbbd102f938341d5e1
905 Данные по созданию БЗ __
b Логин пользователя, который создал БЗ ibo3